Film con maggiori incassi nel 2014 - Statistics

Statistiche generali
  • Questo quiz è stato fatto 4 volte
  • Il punteggio medio è 4 su 10
Statistiche sulle risposte
Incasso ($) Film % Corretto
681 070 397 Interstellar
100%
714 421 503 Captain America: The Winter Soldier
67%
772 779 600 Guardiani della Galassia
67%
755 356 711 Hunger Games: il canto della rivolta - Parte 1
33%
708 982 323 The Amazing Spider-Man 2
33%
1 104 054 072 Transformers 4 - L'era dell'estinzione
33%
746 045 700 X-Men - Giorni di un futuro passato
33%
710 644 566 Apes Revolution - Il pianeta delle scimmie
0%
956 019 788 Lo Hobbit - La battaglia delle cinque armate
0%
758 410 378 Maleficent
0%
Nessun quiz corrispondente trovato
Distribuzione punteggi
Percentuale di utenti per punteggio
Percentile per numero di risposta
I tuoi punteggi nel tempo
Non hai fatto questo quiz